Regional Units Of Greece on a Map - Statistics

General Stats
  • This quiz has been taken 225 times
  • The average score is 30 of 75
Answers on the Map
Answers color-coded by a green-red scale on the quiz's map according to % correct below.
 
Answer Stats
Region Regional Unit % Correct
South Aegean Rhodes
84%
Central Macedonia Thessaloniki
84%
Ionian Islands Corfu
79%
Crete Heraklion
79%
North Aegean Lesbos
77%
Crete Chania
65%
North Aegean Chios
63%
Epirus Ioannina
63%
Thessaly Larissa
62%
North Aegean Samos
62%
Ionian Islands Zakynthos
60%
South Aegean Naxos
59%
Central Macedonia Mount Athos
58%
Peloponnese Corinth
57%
Central Greece Euboea
57%
South Aegean Kos
54%
Ionian Islands Cephalonia
51%
Eastern Macedonia and Thrace Xanthi
51%
North Aegean Lemnos
49%
Ionian Islands Lefkada
48%
Eastern Macedonia and Thrace Kavala
47%
Central Macedonia Chalkidiki
46%
South Aegean Thira
46%
Central Macedonia Serres
44%
Eastern Macedonia and Thrace Thasos
44%
South Aegean Mykonos
43%
Attica Piraeus
43%
Peloponnese Arcadia
42%
Eastern Macedonia and Thrace Drama
42%
Western Macedonia Kastoria
42%
Peloponnese Laconia
42%
Western Macedonia Florina
41%
South Aegean Andros
38%
Epirus Arta
38%
South Aegean Karpathos-Kasos
37%
Eastern Macedonia and Thrace Evros
36%
South Aegean Paros
36%
Crete Rethymno
36%
Western Macedonia Kozani
35%
Thessaly Trikala
35%
Central Macedonia Kilkis
33%
Attica North Athens
33%
Central Macedonia Pella
33%
Attica South Athens
33%
Attica West Athens
33%
Attica Central Athens
32%
Epirus Preveza
31%
Attica West Attica
31%
Attica East Attica
30%
Peloponnese Messenia
30%
Western Greece Achaea
28%
Central Greece Boeotia
28%
Thessaly Karditsa
28%
Ionian Islands Ithaca
27%
Eastern Macedonia and Thrace Rhodope
27%
Peloponnese Argolis
26%
South Aegean Syros
26%
Crete Lasithi
23%
South Aegean Milos
23%
Central Macedonia Pieria
23%
Epirus Thesprotia
23%
Western Greece Aetolia-Acarnania
22%
Western Greece Elis
22%
Western Macedonia Grevena
22%
North Aegean Icaria
22%
Thessaly Sporades
22%
South Aegean Tinos
22%
Thessaly Magnesia
21%
Central Macedonia Imathia
20%
South Aegean Kalymnos
20%
South Aegean Kea-Kythnos
19%
Attica Islands
17%
Central Greece Phocis
17%
Central Greece Evrytania
12%
Central Greece Phthiotis
12%
No matching quizzes found
Score Distribution
Percent of People with Each Score
Percentile by Number Answered
Your Score History
You have not taken this quiz